| 000 | 00446cam a22001931 4500 | ||
|---|---|---|---|
| 001 | sa 65004059 | ||
| 003 | DLC | ||
| 005 | 20260227112127.0 | ||
| 008 | 070612q19401949pk 000 0 urd | ||
| 010 | _asa 65004059 | ||
| 040 |
_aDLC _cDLC _dDLC |
||
| 050 | 0 | 0 |
_aPK2200.C5 _bS5 |
| 100 | 1 | _aChandar, Krishan. | |
| 245 | 1 | 0 | _aShikast. |
| 260 | _c194-? | ||
| 300 |
_a276 p. _c19 cm. |
||
| 500 | _aIn Urdu. | ||
| 500 | _aText partially vocalized. | ||
| 999 |
_c63508 _d63508 |
||